000 00450nam a2200181Ia 4500
001 20915
005 20260306172840.0
008 260306t2014||||xx |||||||||||||| ||spa||
041 _aESP
082 _a343.8
_bS94 Nº 2 2012
100 _aVarillas Sánchez, Heidi
_eAUT
245 0 _aProcedimientos aduaneros y tributarios
260 _c2014
300 _a260 páginas :
_c29 cm
650 _aGEN
654 _aCCO
942 _cLIB
_dJUS
_fJUS
_2ddc
_n
999 _c20915
_d20915